Zespoły NBA - nagła śmierć - Statystyki

Ogólne statystyki
  • Ten quiz został rozwiązany 1 569 razy
  • Średni wynik to 22 z 30
Answers on the Grid
Answers color-coded by a green-red scale on the quiz's grid according to % correct below.
Boston Celtics
Washington Wizards
Philadelphia 76ers
Miami Heat
Orlando Magic
Brooklyn Nets
New York Knicks
Toronto Raptors
Cleveland Cavaliers
Chicago Bulls
Detroit Pistons
Indiana Pacers
Charlotte Hornets
Atlanta Hawks
Milwaukee Bucks
Utah Jazz
San Antonio Spurs
Houston Rockets
Denver Nuggets
Dallas Mavericks
Minnesota Timberwolves
Oklahoma City Thunder
Portland Trail Blazers
Phoenix Suns
Golden State Warriors
Los Angeles Clippers
Los Angeles Lakers
Sacramento Kings
Memphis Grizzlies
New Orleans Pelicans
New York Jets
Dallas Cowboys
Houston Texans
Denver Broncos
Atlanta Falcons
Las Vegas Raiders
Pittsburgh Steelers
Buffalo Sabres
Detroit Red Wings
Montreal Canadiens
Carolina Hurricanes
Philadelphia Flyers
Nashville Predators
San Jose Sharks
Chicago Blackhawks
Portland Timbers
Los Angeles Galaxy
Colorado Rapids
New York Red Bulls
Chicago Fire
Cincinnati Reds
Kansas City Royals
Seattle Mariners
Cleveland Guardians
New York Yankees
Baltimore Orioles
Toronto Blue Jays
San Francisco Giants
Miami Marlins
Florida Panthers
 
Statystyki odpowiedzi
Odpowiedź % Poprawnych
Los Angeles Lakers
76%
Boston Celtics
75%
Chicago Bulls
75%
Miami Heat
75%
Los Angeles Clippers
74%
Orlando Magic
74%
San Antonio Spurs
74%
Dallas Mavericks
73%
Philadelphia 76ers
73%
Phoenix Suns
73%
Washington Wizards
73%
Denver Nuggets
72%
Detroit Pistons
72%
Houston Rockets
72%
Milwaukee Bucks
72%
New York Knicks
72%
Toronto Raptors
72%
Utah Jazz
72%
Atlanta Hawks
71%
Cleveland Cavaliers
71%
Golden State Warriors
71%
Indiana Pacers
71%
Memphis Grizzlies
71%
Sacramento Kings
71%
Brooklyn Nets
70%
Charlotte Hornets
70%
Minnesota Timberwolves
70%
Oklahoma City Thunder
70%
New Orleans Pelicans
68%
Portland Trail Blazers
66%
Nie znaleziono quizów pasujących do podanych kryteriów
Rozkład punktacji
Procent ludzi z każdym wynikiem
Percentyl według liczby udzielonych odpowiedzi
Twoja historia wyników
Nie rozwiązałeś tego quizu